| 000 | 00000nam##2200000za#4500 |
| 001 | 9.698142 |
| 003 | CaOODSP |
| 005 | 20210624235809 |
| 007 | cr ||||||||||| |
| 008 | 150407|1996||||xxc|||||o f|0| 0 eng|d |
| 040 | |aCaOODSP|beng |
| 043 | |an-cn--- |
| 086 | 1 |aRH64-81/1996E-PDF |
| 110 | 1 |aCanada.|bHuman Resources Development Canada. |bStrategic Policy. |
| 245 | 12|aA review of programs for integrating social assistance recipients into the workforce / |h[electronic resource]|c[by] Evaluation and Data Development. |
| 260 | |aOttawa - Ontario : |bHuman Resources Development Canada. |cDecember 1996. |
| 300 | |a76p.|btables |
| 504 | |aBibliography. |
| 590 | |a13-16-Supp|b2013-07-12 |
| 690 | 07|aLabour market|2gcpds |
| 690 | 07|aSocial services|2gcpds |
| 775 | 08|tExamen des programmes visant à intégrer les bénéficiaires d'aide sociale à la population active / |w(CaOODSP)9.642136 |
| 856 | 40|ahttp://publications.gc.ca|qPDF|s310 KB|uhttps://publications.gc.ca/collections/collection_2013/rhdcc-hrsdc/RH64-81-1996-eng.pdf |